[Event "DEN-ch"]
[Site "Aalborg"]
[Date "1979.??.??"]
[Round "3"]
[White "Fries Nielsen, Jens Ove"]
[Black "Ost Hansen, Jacob"]
[Result "1-0"]
[WhiteElo "2310"]
[BlackElo "2380"]
[PlyCount "97"]
[EventDate "1979.??.??"]
[EventType "tourn"]
[EventRounds "11"]
[EventCountry "DEN"]
[EventCategory "4"]
[Source "ChessBase"]
[SourceDate "1999.07.01"]

1. d4 Nf6 2. Nf3 e6 3. c4 d5 4. Nc3 Nbd7 5. cxd5 exd5 6. g3 c6 7. Bg2 Bd6 8.
O-O O-O 9. Bf4 Bxf4 10. gxf4 Nb6 11. Ne5 Nh5 12. e3 Qh4 13. a4 a5 14. Qb3 Qd8
15. Bf3 Nf6 16. Kh1 Ne8 17. Rg1 f6 18. Nd3 Kh8 19. Nc5 Nd6 20. Bg4 Nbc4 21. Qc2
Bxg4 22. Rxg4 Qc8 23. Rag1 Nf5 24. Qe2 Ncd6 25. Qf3 Rf7 26. Qg2 b6 27. Nd3 Qe6
28. Rc1 Re8 29. Rg1 Rfe7 30. Nc1 Nc4 31. Nd3 Ncd6 32. Nc1 Rc8 33. N1e2 Rg8 34.
b3 Rc8 35. Rc1 Nf7 36. Qf3 N7h6 37. Rgg1 Rd8 38. Ng3 Nh4 39. Qe2 Rde8 40. Nb1
Qh3 41. Rxc6 N6f5 42. Nxf5 Nf3 43. Rg2 Qxf5 44. Qxf3 Qxb1+ 45. Rg1 Qxb3 46. Qd1
Qb4 47. Qc2 b5 48. axb5 Qxb5 49. Rb1 1-0

[Event "DEN-ch"]
[Site "Aalborg"]
[Date "1979.??.??"]
[Round "5"]
[White "Fries Nielsen, Jens Ove"]
[Black "Kristiansen, Jens"]
[Result "0-1"]
[WhiteElo "2310"]
[BlackElo "2365"]
[PlyCount "81"]
[EventDate "1979.??.??"]
[EventType "tourn"]
[EventRounds "11"]
[EventCountry "DEN"]
[EventCategory "4"]
[Source "ChessBase"]
[SourceDate "1999.07.01"]

1. d4 f5 2. Nf3 Nf6 3. e3 e6 4. Be2 b6 5. O-O Bb7 6. c4 Bd6 7. Nc3 O-O 8. d5
Na6 9. Nd4 Nc5 10. Bf3 Nfe4 11. Bxe4 Nxe4 12. Nxe4 fxe4 13. dxe6 Qh4 14. g3 Qh3
15. exd7 c5 16. Nf5 Rf6 17. Nh4 g5 18. Qh5 gxh4 19. Qg5+ Kf7 20. Qh5+ Kg7 21.
Bd2 Rg6 22. Bc3+ Kg8 23. Rad1 Qxd7 24. Qxh4 Qe6 25. Rd2 Be7 26. Qf4 Rf8 27. Qc7
Bc6 28. Qxa7 Rh6 29. Qc7 Qh3 30. f4 exf3 31. Rff2 Qe6 32. Qe5 Qxe5 33. Bxe5 Re6
34. Bf4 Bf6 35. Rf1 Rd8 36. Rfd1 Rxd2 37. Rxd2 Kf7 38. Kf2 Be5 39. a3 Bxf4 40.
exf4 Kf6 41. g4 0-1

[Event "DEN-ch"]
[Site "Aalborg"]
[Date "1979.??.??"]
[Round "7"]
[White "Fries Nielsen, Jens Ove"]
[Black "Pedersen, Erik"]
[Result "1/2-1/2"]
[WhiteElo "2310"]
[BlackElo "2330"]
[PlyCount "61"]
[EventDate "1979.??.??"]
[EventType "tourn"]
[EventRounds "11"]
[EventCountry "DEN"]
[EventCategory "4"]
[Source "ChessBase"]
[SourceDate "1999.07.01"]

1. e4 c6 2. d4 d5 3. Nc3 dxe4 4. Nxe4 Nf6 5. Nxf6+ gxf6 6. Nf3 Bf5 7. Bd3 Bxd3
8. Qxd3 Qc7 9. O-O Nd7 10. c4 e6 11. d5 O-O-O 12. dxe6 fxe6 13. Qe3 Bc5 14.
Qxe6 Rhe8 15. Qf5 Re2 16. Bf4 Qb6 17. Bg3 Qxb2 18. Rad1 Qc2 19. Rd3 Qxc4 20.
Rfd1 Re7 21. h4 Qe4 22. Qh3 Qe6 23. Qh2 Rde8 24. Kh1 Ne5 25. Bxe5 fxe5 26. Ng5
Qf5 27. f3 Bd4 28. Ne4 Qe6 29. Rxd4 exd4 30. Rxd4 Rd7 31. Rxd7 1/2-1/2

[Event "DEN-ch"]
[Site "Aalborg"]
[Date "1979.??.??"]
[Round "11"]
[White "Fries Nielsen, Jens Ove"]
[Black "Rodgaard, John"]
[Result "1-0"]
[WhiteElo "2310"]
[BlackElo "2320"]
[PlyCount "61"]
[EventDate "1979.??.??"]
[EventType "tourn"]
[EventRounds "11"]
[EventCountry "DEN"]
[EventCategory "4"]
[Source "ChessBase"]
[SourceDate "1999.07.01"]

1. Nf3 Nf6 2. g3 b6 3. Bg2 Bb7 4. O-O e6 5. d3 Be7 6. Nbd2 O-O 7. e4 d6 8. Ng5
Ne8 9. Nh3 c5 10. f4 Nc7 11. g4 f5 12. Kh1 d5 13. exf5 exf5 14. gxf5 Rxf5 15.
Nc4 Nc6 16. Ne3 Rf8 17. Qh5 g6 18. Qh6 d4 19. f5 dxe3 20. Bxe3 Qd7 21. fxg6 Bd6
22. Ng5 Qg7 23. gxh7+ Kh8 24. Qxd6 Nb5 25. Qg3 Ncd4 26. Bxb7 Qxb7+ 27. Ne4 Nxc2
28. Rg1 Rae8 29. Raf1 Qe7 30. Bh6 Rxf1 31. Qg8+ 1-0

[Event "DEN-ch"]
[Site "Aalborg"]
[Date "1979.??.??"]
[Round "9"]
[White "Fries Nielsen, Jens Ove"]
[Black "Mortensen, Erling"]
[Result "1/2-1/2"]
[WhiteElo "2310"]
[BlackElo "2365"]
[PlyCount "104"]
[EventDate "1979.??.??"]
[EventType "tourn"]
[EventRounds "11"]
[EventCountry "DEN"]
[EventCategory "4"]
[Source "ChessBase"]
[SourceDate "1999.07.01"]

1. d3 d5 2. Nf3 Nf6 3. Nbd2 g6 4. e4 Bg7 5. e5 Ng4 6. Qe2 O-O 7. h3 Nh6 8. Nb3
c5 9. Bf4 f6 10. Qd2 Nf7 11. exf6 Bxf6 12. Nxc5 e5 13. Bh2 Qe7 14. Nb3 a5 15.
a4 e4 16. dxe4 Qxe4+ 17. Be2 Bxb2 18. Rb1 Bg7 19. O-O Qxa4 20. Qxd5 Qc6 21. Bc4
a4 22. Nbd4 Qxd5 23. Bxd5 a3 24. Ne5 Nc6 25. Ndxc6 bxc6 26. Ba2 Bxe5 27. Bxe5
Re8 28. Bf4 Be6 29. Ra1 Ra4 30. Rfe1 Rxf4 31. Bxe6 Ra8 32. Re3 Rfa4 33. Rf3
R8a7 34. Bxf7+ Rxf7 35. Raxa3 Rxf3 36. Rxf3 Ra2 37. c3 Ra1+ 38. Kh2 Kg7 39. Kg3
Rc1 40. Kg4 Rc2 41. h4 h5+ 42. Kg3 Rd2 43. Kh2 Re2 44. Rf4 Re5 45. Kg3 Rc5 46.
c4 Re5 47. Kf3 Re1 48. g3 c5 49. Re4 Rc1 50. Rf4 Re1 51. Kg2 Rc1 52. Kf3 Re1
1/2-1/2

[Event "DEN-ch"]
[Site "Aalborg"]
[Date "1979.??.??"]
[Round "3"]
[White "Fries Nielsen, Niels Jorgen"]
[Black "Larsen, Ernst"]
[Result "1-0"]
[WhiteElo "2300"]
[BlackElo "2200"]
[PlyCount "113"]
[EventDate "1979.??.??"]
[EventType "tourn"]
[EventRounds "11"]
[EventCountry "DEN"]
[EventCategory "4"]
[Source "ChessBase"]
[SourceDate "1999.07.01"]

1. c4 e6 2. Nc3 d5 3. d4 c5 4. cxd5 exd5 5. Nf3 Nc6 6. Bg5 Be7 7. Bxe7 Ngxe7 8.
e3 cxd4 9. Nxd4 Qb6 10. Nb3 Be6 11. Be2 O-O 12. O-O Rfd8 13. Na4 Qc7 14. Rc1
Qe5 15. Nd4 Bc8 16. Nc5 b6 17. Nd3 Qf6 18. Nxc6 Nxc6 19. Qa4 Bb7 20. Qf4 Qxf4
21. Nxf4 d4 22. Bf3 Na5 23. b4 Bxf3 24. gxf3 Nb7 25. e4 Rd7 26. Rfd1 Nd8 27.
Rc4 Ne6 28. Nxe6 fxe6 29. Rcxd4 Rc7 30. a4 Rac8 31. b5 Kf7 32. Kg2 Kf6 33. Rd7
g5 34. Kg3 h5 35. h4 gxh4+ 36. Kxh4 Rxd7 37. Rxd7 Rc3 38. Kg3 h4+ 39. Kg4 h3
40. Rxa7 Ra3 41. Kxh3 Rxf3+ 42. Kg2 Ra3 43. f3 Ke5 44. Kg3 Ra1 45. Ra6 Rg1+ 46.
Kf2 Ra1 47. Rxb6 Kf4 48. Ke2 Ke5 49. Ra6 Kd4 50. Rd6+ Ke5 51. Rd2 Rxa4 52. Rb2
Ra7 53. b6 Rb7 54. Ke3 Kd6 55. Kf4 Kd7 56. Ke5 Ke7 57. f4 1-0

[Event "DEN-ch"]
[Site "Aalborg"]
[Date "1979.??.??"]
[Round "4"]
[White "Fries Nielsen, Niels Jorgen"]
[Black "Mortensen, Erling"]
[Result "1/2-1/2"]
[WhiteElo "2300"]
[BlackElo "2365"]
[PlyCount "38"]
[EventDate "1979.??.??"]
[EventType "tourn"]
[EventRounds "11"]
[EventCountry "DEN"]
[EventCategory "4"]
[Source "ChessBase"]
[SourceDate "1999.07.01"]

1. Nf3 Nf6 2. d4 g6 3. g3 Bg7 4. Bg2 O-O 5. O-O d5 6. c4 Nc6 7. Ne5 dxc4 8.
Nxc6 bxc6 9. Na3 Be6 10. Bxc6 Rb8 11. Bg2 Qd6 12. Qa4 c5 13. dxc5 Qxc5 14. Be3
Qb4 15. Qxa7 Nd7 16. Rad1 Qxb2 17. Nxc4 Qxe2 18. Na5 Qxa2 19. Nc6 Qxa7 1/2-1/2

[Event "DEN-ch"]
[Site "Aalborg"]
[Date "1979.??.??"]
[Round "8"]
[White "Fries Nielsen, Niels Jorgen"]
[Black "Fries Nielsen, Jens Ove"]
[Result "0-1"]
[WhiteElo "2300"]
[BlackElo "2310"]
[PlyCount "82"]
[EventDate "1979.??.??"]
[EventType "tourn"]
[EventRounds "11"]
[EventCountry "DEN"]
[EventCategory "4"]
[Source "ChessBase"]
[SourceDate "1999.07.01"]

1. e4 d6 2. Nf3 Nf6 3. Nc3 g6 4. Bc4 Bg7 5. d3 c6 6. Bb3 Nbd7 7. a3 Nc5 8. Ba2
e5 9. Be3 Ne6 10. h3 O-O 11. Qd2 d5 12. Bh6 dxe4 13. Nxe4 Nxe4 14. dxe4 Qb6 15.
Bxg7 Kxg7 16. O-O-O Rd8 17. Qc3 Nd4 18. Kb1 f6 19. Nxd4 exd4 20. Qc4 c5 21.
Qf7+ Kh8 22. f4 Bd7 23. g4 Qd6 24. e5 fxe5 25. fxe5 Qxe5 26. Rhe1 Qg7 27. Qxg7+
Kxg7 28. Re7+ Kh6 29. b4 b6 30. Rf1 Bb5 31. Rff7 d3 32. h4 Rh8 33. cxd3 Bxd3+
34. Kb2 c4 35. Kc3 b5 36. Rxa7 Be2 37. g5+ Kh5 38. Rxh7+ Rxh7 39. Rxh7+ Kg4 40.
Kb2 Bd3 41. Rd7 Kxh4 0-1

[Event "DEN-ch"]
[Site "Aalborg"]
[Date "1979.??.??"]
[Round "6"]
[White "Fries Nielsen, Niels Jorgen"]
[Black "Rodgaard, John"]
[Result "1/2-1/2"]
[WhiteElo "2300"]
[BlackElo "2320"]
[PlyCount "29"]
[EventDate "1979.??.??"]
[EventType "tourn"]
[EventRounds "11"]
[EventCountry "DEN"]
[EventCategory "4"]
[Source "ChessBase"]
[SourceDate "1999.07.01"]

1. c4 e6 2. g3 Nf6 3. Bg2 d5 4. Nf3 Be7 5. O-O O-O 6. d4 b6 7. Nc3 Bb7 8. Ne5
c6 9. b3 Nbd7 10. Bb2 Qb8 11. e4 Nxe5 12. dxe5 Nxe4 13. Nxe4 dxe4 14. Bxe4 c5
15. Qf3 1/2-1/2

[Event "DEN-ch"]
[Site "Aalborg"]
[Date "1979.??.??"]
[Round "10"]
[White "Fries Nielsen, Niels Jorgen"]
[Black "Hvenekilde, Jorgen"]
[Result "1-0"]
[WhiteElo "2300"]
[BlackElo "2285"]
[PlyCount "97"]
[EventDate "1979.??.??"]
[EventType "tourn"]
[EventRounds "11"]
[EventCountry "DEN"]
[EventCategory "4"]
[Source "ChessBase"]
[SourceDate "1999.07.01"]

1. b3 f5 2. Bb2 Nf6 3. e3 e6 4. Be2 Be7 5. Nf3 O-O 6. c4 d6 7. d4 Ne4 8. Nc3
Nxc3 9. Bxc3 Nd7 10. Qc2 Nf6 11. Bd3 Qe8 12. h3 b6 13. a3 Bb7 14. Ng5 Bd8 15.
f4 h6 16. Nf3 Ne4 17. Bb2 Ng3 18. Rg1 c5 19. O-O-O Be7 20. Qf2 Qg6 21. Kb1 a6
22. Ka2 Ra7 23. Bc2 Bc6 24. Bc3 Be4 25. Be1 Bxc2 26. Qxc2 Rc7 27. Qd3 cxd4 28.
Bxg3 Qxg3 29. Nxd4 Rf6 30. Ne2 Qg6 31. g4 Qe8 32. g5 Rf7 33. Nd4 Qc8 34. gxh6
Bf8 35. Rg6 b5 36. Rdg1 bxc4 37. bxc4 Rxc4 38. Nxe6 Rc2+ 39. Ka1 Rc1+ 40. Rxc1
Qxc1+ 41. Ka2 Rb7 42. Rg2 Qc6 43. Rg1 Qf3 44. Qd2 Qe4 45. Nxf8 Kxf8 46. h7 Qe6+
47. Ka1 Qh6 48. Qxd6+ Qxd6 49. h8=Q+ 1-0

[Event "DEN-ch"]
[Site "Aalborg"]
[Date "1979.??.??"]
[Round "1"]
[White "Fries Nielsen, Niels Jorgen"]
[Black "Hoi, Carsten"]
[Result "1/2-1/2"]
[WhiteElo "2300"]
[BlackElo "2355"]
[PlyCount "31"]
[EventDate "1979.??.??"]
[EventType "tourn"]
[EventRounds "11"]
[EventCountry "DEN"]
[EventCategory "4"]
[Source "ChessBase"]
[SourceDate "1999.07.01"]

1. b3 Nf6 2. Bb2 g6 3. e3 Bg7 4. Be2 O-O 5. Nf3 c5 6. O-O b6 7. c4 Bb7 8. d4
cxd4 9. Nxd4 Nc6 10. Bf3 Rb8 11. Nxc6 Bxc6 12. Nc3 Ne4 13. Qc2 Nxc3 14. Bxc6
dxc6 15. Bxc3 Bxc3 16. Qxc3 1/2-1/2

[Event "DEN-ch"]
[Site "Aalborg"]
[Date "1979.??.??"]
[Round "4"]
[White "Hoi, Carsten"]
[Black "Rodgaard, John"]
[Result "1/2-1/2"]
[WhiteElo "2355"]
[BlackElo "2320"]
[PlyCount "112"]
[EventDate "1979.??.??"]
[EventType "tourn"]
[EventRounds "11"]
[EventCountry "DEN"]
[EventCategory "4"]
[Source "ChessBase"]
[SourceDate "1999.07.01"]

1. d4 e6 2. c4 d5 3. Nc3 Nf6 4. Bg5 Be7 5. e3 O-O 6. Nf3 h6 7. Bxf6 Bxf6 8. Rc1
c6 9. Bd3 Nd7 10. O-O dxc4 11. Bxc4 e5 12. Ne4 exd4 13. Nxf6+ Nxf6 14. Qxd4 Bg4
15. Qxd8 Raxd8 16. Nd4 c5 17. Nb3 b6 18. f3 Bd7 19. Rfd1 Ba4 20. Rxd8 Rxd8 21.
Kf1 Kf8 22. Ke2 Ke7 23. Nd2 Ne8 24. b3 Bd7 25. e4 a5 26. Nb1 Bc6 27. Nc3 Nc7
28. a4 Rd6 29. Ke3 Rd8 30. g3 Rd6 31. Rc2 Rd8 32. f4 Rd4 33. Rd2 Rxd2 34. Kxd2
f6 35. Kd3 Kd6 36. Nd1 Bb7 37. Ne3 Bc8 38. Bd5 Nxd5 39. Nxd5 Ba6+ 40. Kd2 b5
41. axb5 Bxb5 42. Ne3 Ke6 43. Nf5 g6 44. Nxh6 c4 45. bxc4 Bxc4 46. Ng4 Bb5 47.
Kc3 Bc6 48. e5 fxe5 49. Nxe5 Be8 50. Nc4 a4 51. Ne3 Kf6 52. h4 Ke6 53. Kb4 Kf6
54. g4 Bd7 55. Nd5+ Kf7 56. g5 Ke6 1/2-1/2

[Event "DEN-ch"]
[Site "Aalborg"]
[Date "1979.??.??"]
[Round "2"]
[White "Hoi, Carsten"]
[Black "Mortensen, Erling"]
[Result "1/2-1/2"]
[WhiteElo "2355"]
[BlackElo "2365"]
[PlyCount "148"]
[EventDate "1979.??.??"]
[EventType "tourn"]
[EventRounds "11"]
[EventCountry "DEN"]
[EventCategory "4"]
[Source "ChessBase"]
[SourceDate "1999.07.01"]

1. d4 Nf6 2. c4 e6 3. Nc3 Bb4 4. e3 c5 5. Nge2 cxd4 6. exd4 d5 7. c5 Ne4 8. Bd2
Nxd2 9. Qxd2 b6 10. a3 Bxc3 11. Nxc3 bxc5 12. Bb5+ Bd7 13. dxc5 a5 14. Ba4 O-O
15. O-O Nc6 16. Rab1 Qh4 17. f4 Rfd8 18. Ne2 d4 19. Rfd1 e5 20. fxe5 d3 21. Qf4
Bg4 22. Bxc6 dxe2 23. Re1 g5 24. Qf2 Qxf2+ 25. Kxf2 Rac8 26. Bf3 Bxf3 27. Kxf3
Rxc5 28. Rxe2 Rd3+ 29. Kf2 Rb5 30. Rc1 Rdb3 31. Rcc2 Kf8 32. Ke1 Rd3 33. e6
fxe6 34. Rxe6 Kf7 35. Ra6 Rd7 36. Rac6 Re5+ 37. Re2 Rb5 38. Rf2+ Kg7 39. Rcc2
Rd6 40. Rcd2 Rdb6 41. Kd1 Kg6 42. Kc1 h5 43. Kb1 h4 44. Ka2 Re6 45. Rd4 Re3 46.
Rfd2 h3 47. gxh3 Rxh3 48. R4d3 Rh4 49. b3 g4 50. Rc3 Kf6 51. Rc6+ Ke7 52. Rc4
Rh3 53. b4 axb4 54. axb4 g3 55. Re4+ Kf6 56. hxg3 Rxg3 57. Rb2 Re5 58. Rxe5
Kxe5 59. Rb3 Rg8 60. Rd3 Ke4 61. Rc3 Kd5 62. Kb3 Rb8 63. Rc5+ Kd6 64. Ka4 Ra8+
65. Kb5 Rb8+ 66. Kc4 Rh8 67. Kb5 Rb8+ 68. Ka4 Ra8+ 69. Ra5 Rh8 70. Ra7 Kc6 71.
Ka5 Rh5+ 72. Ka6 Rb5 73. Rc7+ Kxc7 74. Kxb5 Kb7 1/2-1/2

[Event "DEN-ch"]
[Site "Aalborg"]
[Date "1979.??.??"]
[Round "6"]
[White "Hoi, Carsten"]
[Black "Fries Nielsen, Jens Ove"]
[Result "0-1"]
[WhiteElo "2355"]
[BlackElo "2310"]
[PlyCount "54"]
[EventDate "1979.??.??"]
[EventType "tourn"]
[EventRounds "11"]
[EventCountry "DEN"]
[EventCategory "4"]
[Source "ChessBase"]
[SourceDate "1999.07.01"]

1. d4 Nf6 2. c4 g6 3. Nc3 d5 4. Bg5 Ne4 5. Bh4 Nxc3 6. bxc3 dxc4 7. e3 Be6 8.
Rb1 b6 9. Be2 Bd5 10. Nf3 Bg7 11. O-O a6 12. Qc2 f5 13. Nd2 b5 14. e4 fxe4 15.
Nxe4 O-O 16. Bf3 Nc6 17. a3 Rxf3 18. gxf3 Qf8 19. Rbd1 Qxf3 20. Rfe1 Rf8 21.
Bg3 a5 22. Re3 Qf5 23. Bxc7 b4 24. axb4 axb4 25. Be5 Bh6 26. Ree1 bxc3 27. Re2
Bd2 0-1

[Event "DEN-ch"]
[Site "Aalborg"]
[Date "1979.??.??"]
[Round "8"]
[White "Hoi, Carsten"]
[Black "Hvenekilde, Jorgen"]
[Result "1/2-1/2"]
[WhiteElo "2355"]
[BlackElo "2285"]
[PlyCount "62"]
[EventDate "1979.??.??"]
[EventType "tourn"]
[EventRounds "11"]
[EventCountry "DEN"]
[EventCategory "4"]
[Source "ChessBase"]
[SourceDate "1999.07.01"]

1. d4 d5 2. Nf3 Nf6 3. c4 e6 4. Nc3 Be7 5. Bg5 O-O 6. e3 Nbd7 7. cxd5 exd5 8.
Bd3 c6 9. Qc2 Re8 10. O-O Nf8 11. Bxf6 Bxf6 12. Bf5 g6 13. Bxc8 Rxc8 14. b4 Ne6
15. Qb3 g5 16. Ne1 Qd6 17. Nd3 Bd8 18. Nc5 Re7 19. a4 Bc7 20. g3 Bb8 21. Rac1
h5 22. Qd1 Nxc5 23. bxc5 Qg6 24. Rb1 f5 25. Rb2 Rf8 26. Kh1 Rff7 27. Rg1 Rh7
28. Qd3 Kh8 29. f4 Reg7 30. Ne2 g4 31. Kg2 Qe6 1/2-1/2

[Event "DEN-ch"]
[Site "Aalborg"]
[Date "1979.??.??"]
[Round "11"]
[White "Hvenekilde, Jorgen"]
[Black "Mortensen, Erling"]
[Result "0-1"]
[WhiteElo "2285"]
[BlackElo "2365"]
[PlyCount "84"]
[EventDate "1979.??.??"]
[EventType "tourn"]
[EventRounds "11"]
[EventCountry "DEN"]
[EventCategory "4"]
[Source "ChessBase"]
[SourceDate "1999.07.01"]

1. e4 c5 2. Nf3 e6 3. Be2 Nf6 4. d3 Nc6 5. O-O d5 6. Nbd2 Be7 7. Re1 O-O 8. Bf1
Qc7 9. c3 d4 10. a4 e5 11. h3 Nd7 12. g3 Rb8 13. Bg2 a6 14. Nf1 b5 15. axb5
axb5 16. cxd4 cxd4 17. Bg5 f6 18. Bd2 Nc5 19. N1h2 Be6 20. Bf1 Nb3 21. Rb1 Rfc8
22. Re2 Nc5 23. Ne1 Bb3 24. Qc1 Ba2 25. b4 Bxb1 26. Qxb1 Na4 27. f4 Nc3 28.
Qb3+ Kh8 29. Rf2 Bxb4 30. Nef3 Bd6 31. Ng4 Rf8 32. Bxc3 dxc3 33. Qxc3 b4 34.
Qc1 Nd4 35. Qb1 Bc5 36. Kg2 Nxf3 37. Rxf3 Bd4 38. Be2 b3 39. Rf1 Qc2 40. Kf3
Rfc8 41. Ne3 Bxe3 42. Kxe3 b2 0-1

[Event "DEN-ch"]
[Site "Aalborg"]
[Date "1979.??.??"]
[Round "9"]
[White "Hvenekilde, Jorgen"]
[Black "Pedersen, Erik"]
[Result "0-1"]
[WhiteElo "2285"]
[BlackElo "2330"]
[PlyCount "80"]
[EventDate "1979.??.??"]
[EventType "tourn"]
[EventRounds "11"]
[EventCountry "DEN"]
[EventCategory "4"]
[Source "ChessBase"]
[SourceDate "1999.07.01"]

1. d4 Nf6 2. c4 c5 3. d5 e6 4. Nc3 exd5 5. cxd5 d6 6. e4 g6 7. Bd3 Bg7 8. Nge2
O-O 9. O-O b6 10. h3 Ba6 11. Bxa6 Nxa6 12. Bg5 h6 13. Be3 Re8 14. Ng3 Qd7 15.
Re1 b5 16. a3 h5 17. Bg5 Nh7 18. Bf4 b4 19. axb4 Nxb4 20. Be3 Nf6 21. Bg5 Nh7
22. Be3 Nf6 23. Bg5 c4 24. Re2 a5 25. Qd2 Nd3 26. Ra3 a4 27. Bh6 Bh8 28. Bg5
Bg7 29. Bh6 Bh8 30. Bg5 Nh7 31. Be3 Reb8 32. Ra2 Rb3 33. f4 a3 34. e5 dxe5 35.
f5 Rxb2 36. Rxb2 axb2 37. fxg6 fxg6 38. Qc2 Ra1+ 39. Kh2 Nf6 40. Rd2 Rc1 0-1

[Event "DEN-ch"]
[Site "Aalborg"]
[Date "1979.??.??"]
[Round "7"]
[White "Hvenekilde, Jorgen"]
[Black "Kristiansen, Jens"]
[Result "0-1"]
[WhiteElo "2285"]
[BlackElo "2365"]
[PlyCount "112"]
[EventDate "1979.??.??"]
[EventType "tourn"]
[EventRounds "11"]
[EventCountry "DEN"]
[EventCategory "4"]
[Source "ChessBase"]
[SourceDate "1999.07.01"]

1. d4 Nf6 2. c4 e6 3. Nf3 b6 4. Nc3 Bb7 5. Bg5 Bb4 6. Rc1 h6 7. Bxf6 Qxf6 8. e3
O-O 9. Be2 d6 10. O-O Bxc3 11. Rxc3 Nd7 12. Nd2 c5 13. Bf3 Bxf3 14. Nxf3 Rfd8
15. Qc2 Qe7 16. e4 cxd4 17. Nxd4 Rac8 18. Rd1 Nf6 19. Qe2 Qb7 20. Re3 a6 21. b3
Rc5 22. a4 Re5 23. Re1 d5 24. exd5 Rxe3 25. Qxe3 exd5 26. Qf3 Qd7 27. cxd5 Qxd5
28. Qxd5 Rxd5 29. Nc6 Rd3 30. Rb1 a5 31. Ne5 Rc3 32. Nc4 Ne4 33. f3 Nc5 34.
Nxb6 Nxb3 35. Kf2 Rc2+ 36. Kg3 Nd4 37. Nd5 Rc4 38. Rb8+ Kh7 39. Nb6 Nf5+ 40.
Kf2 Rc2+ 41. Kg1 Nh4 42. Nd7 Rxg2+ 43. Kf1 g5 44. Ne5 Rxh2 45. f4 f5 46. Rb7+
Kg8 47. Rb8+ Kg7 48. Rb7+ Kf8 49. Rb8+ Ke7 50. Rh8 Ke6 51. Rxh6+ Kd5 52. Ng6
Ra2 53. Ne7+ Ke4 54. fxg5 Ng2 55. g6 Ne3+ 56. Ke1 Kd3 0-1

[Event "DEN-ch"]
[Site "Aalborg"]
[Date "1979.??.??"]
[Round "2"]
[White "Hvenekilde, Jorgen"]
[Black "Rodgaard, John"]
[Result "0-1"]
[WhiteElo "2285"]
[BlackElo "2320"]
[PlyCount "38"]
[EventDate "1979.??.??"]
[EventType "tourn"]
[EventRounds "11"]
[EventCountry "DEN"]
[EventCategory "4"]
[Source "ChessBase"]
[SourceDate "1999.07.01"]

1. e4 e6 2. Nc3 d5 3. Qf3 d4 4. Nce2 c5 5. d3 Nc6 6. Bd2 Bd6 7. Ng3 Nf6 8. Qe2
Qc7 9. Nh3 Nb4 10. f4 e5 11. Bxb4 exf4 12. Nf5 Bxf5 13. exf5+ Kf8 14. O-O-O
cxb4 15. Qf3 Rc8 16. Rd2 b3 17. axb3 Qa5 18. Kd1 Qa1+ 19. Ke2 Re8+ 0-1

[Event "DEN-ch"]
[Site "Aalborg"]
[Date "1979.??.??"]
[Round "5"]
[White "Jakobsen, Ole"]
[Black "Fries Nielsen, Niels Jorgen"]
[Result "1/2-1/2"]
[WhiteElo "2415"]
[BlackElo "2300"]
[PlyCount "102"]
[EventDate "1979.??.??"]
[EventType "tourn"]
[EventRounds "11"]
[EventCountry "DEN"]
[EventCategory "4"]
[Source "ChessBase"]
[SourceDate "1999.07.01"]

1. e4 e5 2. Nc3 Ne7 3. Nf3 Nbc6 4. Bc4 Ng6 5. d4 exd4 6. Nxd4 Bb4 7. O-O Nxd4
8. Qxd4 Bxc3 9. Qxc3 O-O 10. Be3 d6 11. f4 Be6 12. Bd3 Bc8 13. Rae1 f6 14. Qa5
c5 15. Qd2 f5 16. Rd1 Qe7 17. exf5 Bxf5 18. Rde1 Bxd3 19. Qxd3 Qf6 20. Qd5+ Kh8
21. Bc1 Rae8 22. g3 b6 23. c3 Re7 24. Rd1 Rd8 25. Rfe1 Qf7 26. Qxf7 Rxf7 27. c4
Kg8 28. b3 Rfd7 29. Bb2 d5 30. f5 Ne7 31. f6 Nf5 32. cxd5 Nd4 33. Bxd4 Rxd5 34.
fxg7 Rxd4 35. Rxd4 Rxd4 36. Re8+ Kxg7 37. Re7+ Kg6 38. Rxa7 Rd2 39. Ra6 Kg7 40.
a4 Rb2 41. Rxb6 c4 42. Rc6 cxb3 43. Rb6 Ra2 44. Rxb3 Rxa4 45. Rb7+ Kg6 46. Kg2
Ra2+ 47. Kh3 h5 48. Rb1 Kg5 49. Rg1 Rb2 50. Rg2 Rxg2 51. Kxg2 h4 1/2-1/2

[Event "DEN-ch"]
[Site "Aalborg"]
[Date "1979.??.??"]
[Round "8"]
[White "Jakobsen, Ole"]
[Black "Rodgaard, John"]
[Result "0-1"]
[WhiteElo "2415"]
[BlackElo "2320"]
[PlyCount "84"]
[EventDate "1979.??.??"]
[EventType "tourn"]
[EventRounds "11"]
[EventCountry "DEN"]
[EventCategory "4"]
[Source "ChessBase"]
[SourceDate "1999.07.01"]

1. e4 e6 2. d4 d5 3. Nc3 Bb4 4. Nge2 dxe4 5. a3 Be7 6. Nxe4 Nf6 7. N2g3 Nxe4 8.
Nxe4 Nc6 9. c3 Qd5 10. Qf3 b6 11. c4 Qd7 12. Be3 Nxd4 13. Bxd4 Qxd4 14. Nf6+
gxf6 15. Qxa8 O-O 16. Rd1 Qxb2 17. Bd3 Qc3+ 18. Kf1 Rd8 19. Qf3 f5 20. g4 Bb7
21. Qxb7 Rxd3 22. Rxd3 Qxd3+ 23. Kg2 fxg4 24. h3 Qxc4 25. Rd1 gxh3+ 26. Kh1 Qf4
27. Rg1+ Bg5 28. Rg3 h6 29. Qf3 Qxf3+ 30. Rxf3 a5 31. a4 Kf8 32. Kh2 Ke7 33.
Kxh3 f6 34. Rc3 Kd6 35. Rd3+ Kc6 36. Rc3+ Kb7 37. Kg4 e5 38. Kf5 c5 39. Ke6 Kc6
40. f3 h5 41. Rd3 c4 42. Rd8 Kc5 0-1

[Event "DEN-ch"]
[Site "Aalborg"]
[Date "1979.??.??"]
[Round "10"]
[White "Jakobsen, Ole"]
[Black "Fries Nielsen, Jens Ove"]
[Result "1/2-1/2"]
[WhiteElo "2415"]
[BlackElo "2310"]
[PlyCount "110"]
[EventDate "1979.??.??"]
[EventType "tourn"]
[EventRounds "11"]
[EventCountry "DEN"]
[EventCategory "4"]
[Source "ChessBase"]
[SourceDate "1999.07.01"]

1. e4 d6 2. d4 Nf6 3. Nc3 g6 4. Bf4 Bg7 5. Qd2 c6 6. Nf3 O-O 7. Be2 b5 8. a3 a6
9. Bh6 Bg4 10. Bxg7 Kxg7 11. Qf4 Bxf3 12. Bxf3 Qc7 13. g4 e5 14. Qd2 Qe7 15.
dxe5 dxe5 16. O-O-O Ra7 17. Qd6 Qxd6 18. Rxd6 Ne8 19. Rd2 Nc7 20. Rhd1 Ne6 21.
Ne2 Kf6 22. h4 Ke7 23. Bg2 Nd7 24. Rd6 Rc7 25. Bh3 Nb6 26. b3 Nc5 27. Bg2 Nb7
28. R6d2 a5 29. Nc3 Ra8 30. Kb2 Nc5 31. Ra1 a4 32. Rdd1 axb3 33. cxb3 Rca7 34.
Bf1 Ne6 35. Ne2 Ra5 36. Rdc1 c5 37. Nc3 Nd4 38. b4 cxb4 39. axb4 Na4+ 40. Ka3
R5a7 41. Nd5+ Kd6 42. Ne3 Nc3+ 43. Kb2 Nxe4 44. Rxa7 Rxa7 45. f3 Nf6 46. g5 Nd5
47. Nxd5 Kxd5 48. Bxb5 Rb7 49. Bc4+ Kd6 50. Kc3 Nxf3 51. Ra1 Nxh4 52. Ra6+ Kc7
53. Bxf7 Rb6 54. Rxb6 Kxb6 55. Bg8 Nf3 1/2-1/2

[Event "DEN-ch"]
[Site "Aalborg"]
[Date "1979.??.??"]
[Round "7"]
[White "Jakobsen, Ole"]
[Black "Larsen, Ernst"]
[Result "1/2-1/2"]
[WhiteElo "2415"]
[BlackElo "2200"]
[PlyCount "62"]
[EventDate "1979.??.??"]
[EventType "tourn"]
[EventRounds "11"]
[EventCountry "DEN"]
[EventCategory "4"]
[Source "ChessBase"]
[SourceDate "1999.07.01"]

1. e4 c6 2. d3 d5 3. Nd2 g6 4. Ngf3 Bg7 5. g3 dxe4 6. dxe4 b6 7. Bc4 Nf6 8. O-O
O-O 9. Kg2 Ne8 10. e5 Nc7 11. Qe2 Be6 12. Bxe6 Nxe6 13. Ne4 Nd7 14. Nc3 Qc7 15.
Re1 Rfd8 16. b3 Ndf8 17. Bb2 Rd7 18. Ne4 Rad8 19. c4 c5 20. Nc3 Qc6 21. Nd5 Nc7
22. e6 Qxe6 23. Bxg7 Qxe2 24. Rxe2 Kxg7 25. Ne5 Rxd5 26. cxd5 Nxd5 27. Rae1 e6
28. h4 h5 29. Nc4 Nd7 30. a4 a5 31. Rd2 Rb8 1/2-1/2